000 01339cam a2200337 a 4500
001 15340367
005 20081112181309.0
008 080623s2009 inua 001 0 eng
010 _a 2008028005
020 _a0672329670
020 _a9780672329678
035 _a(OCoLC)ocn232656806
035 _a(OCoLC)232656806
040 _aDLC
_cDLC
_dYDXCP
_dBAKER
_dC#P
_dBWX
_dIXA
_dDLC
050 0 0 _aTK5105.8885.A26
_bK365 2009
082 0 0 _a006.7882
_222
_bKAN
100 1 _aKanjilal, Joydip.
_94608
245 1 0 _aSams teach yourself ASP.NET Ajax in 24 hours /
_cJoydip Kanjilal and Sriram Putrevu.
246 3 0 _aASP.NET Ajax in 24 hours
260 _aIndianapolis, Ind. :
_bSams,
_cc2009.
300 _axiv, 408 p. :
_bill. ;
_c24 cm.
500 _aIncludes index.
630 0 0 _aActive server pages.
_94609
650 0 _aAjax (Web site development technology)
_94610
650 0 _aApplication software
_xDevelopment.
_94611
650 0 _aMicrosoft .NET.
_94612
700 1 _aPutrevu, Sriram.
_94613
942 _2ddc
_cBB
999 _c11503
_d11503